[Event "20th EUR-ch"]
[Site "Skopje MKD"]
[Date "2019.03.21"]
[Round "4"]
[White "Bosiocic, Marin"]
[Black "Nikitenko, Mihail"]
[Result "1-0"]
[WhiteElo "2614"]
[BlackElo "2408"]
[EventDate "2019.03.18"]
[Board "85"]
[PlyCount "51"]

1.e4 e5 2.Nf3 Nc6 3.Bb5 a6 4.Ba4 Nf6 5.O-O Be7 6.Re1 b5 7.Bb3 d6 8.c3 O-O 
9.h3 Bb7 10.d4 Nd7 11.Nbd2 exd4 12.cxd4 Bf6 13.Nf1 Na5 14.Bc2 Re8 15.Rb1 
c5 16.d5 Nc4 17.b3 Nce5 18.N3h2 Nb6 19.Ng3 g6 20.Rf1 Bc8 21.Bb2 Bb7 22.a4 
b4 23.a5 Nc8 24.Qe2 Na7 25.f4 Nd7 26.Nf3 1-0

[Event "20th EUR-ch"]
[Site "Skopje MKD"]
[Date "2019.03.21"]
[Round "4"]
[White "Soysal, Serkan"]
[Black "Goganov, Aleksey"]
[Result "1/2-1/2"]
[WhiteElo "2405"]
[BlackElo "2610"]
[EventDate "2019.03.18"]
[Board "86"]
[PlyCount "48"]

1.Nf3 Nf6 2.c4 g6 3.Nc3 Bg7 4.e4 d6 5.d4 O-O 6.Be2 e5 7.O-O Na6 8.Re1 c6 
9.Bf1 exd4 10.Nxd4 Ng4 11.h3 Qb6 12.hxg4 Qxd4 13.Qe2 Nc5 14.g5 Qe5 15.g3 
Qe7 16.Be3 Bxc3 17.bxc3 Qxe4 18.Qd2 Qg4 19.Qxd6 Ne4 20.Qe7 Bf5 21.Be2 Qh3 
22.Bf1 Qg4 23.Be2 Qh3 24.Bf1 Qg4 1/2-1/2

[Event "20th EUR-ch"]
[Site "Skopje MKD"]
[Date "2019.03.21"]
[Round "4"]
[White "Georgiev, Kiril"]
[Black "Gadimbayli, Abdulla"]
[Result "1-0"]
[WhiteElo "2595"]
[BlackElo "2404"]
[EventDate "2019.03.18"]
[Board "87"]
[PlyCount "131"]

1.c4 Nf6 2.Nc3 e6 3.e4 Nc6 4.Nf3 e5 5.Be2 Bb4 6.d3 O-O 7.O-O d6 8.Bg5 h6 
9.Bh4 Bc5 10.Kh1 Nd4 11.Nxd4 Bxd4 12.Nb5 Bb6 13.f3 c6 14.Nc3 g5 15.Bf2 
Bxf2 16.Rxf2 Qb6 17.Qe1 Nh5 18.g3 Ng7 19.f4 f5 20.g4 fxe4 21.f5 e3 22.Rf1 
Ne8 23.Bf3 Nf6 24.Nd1 Bd7 25.Qxe3 Qd4 26.Re1 Rae8 27.Nf2 d5 28.b3 Qxe3 29.
Rxe3 Rf7 30.Rae1 Rfe7 31.Kg2 h5 32.h3 h4 33.Kf1 Kf8 34.Bg2 Kf7 35.R3e2 Kf8
36.Nd1 e4 37.dxe4 dxe4 38.Nc3 c5 39.Bxe4 b6 40.Kf2 Re5 41.Bf3 Rxe2+ 42.
Nxe2 Re7 43.Rd1 Re5 44.Bb7 Re7 45.Bg2 Re5 46.Ng1 Ke8 47.Ba8 Bxf5 48.gxf5 
Rxf5+ 49.Kg2 g4 50.Rf1 Rxf1 51.Kxf1 Ke7 52.Kg2 Ke6 53.hxg4 Nxg4 54.Nf3 Ne5
55.Nxh4 Nd3 56.Be4 Nc1 57.Bb1 Ne2 58.Nf3 Nc3 59.Nd2 Ke5 60.Kf2 Kf4 61.a3 
a6 62.Bc2 b5 63.Nb1 Na2 64.Ke2 Ke5 65.Kd3 Nc1+ 66.Kd2 1-0

[Event "20th EUR-ch"]
[Site "Skopje MKD"]
[Date "2019.03.21"]
[Round "4"]
[White "Nikolovski, Nikola"]
[Black "Petrosian, Manuel"]
[Result "1/2-1/2"]
[WhiteElo "2404"]
[BlackElo "2564"]
[EventDate "2019.03.18"]
[Board "88"]
[PlyCount "94"]

1.e4 c5 2.Nf3 e6 3.d4 cxd4 4.Nxd4 Nc6 5.Nc3 Qc7 6.Be2 Nf6 7.O-O a6 8.Be3 
Be7 9.f4 d6 10.g4 Nxd4 11.Qxd4 e5 12.Qd1 exf4 13.Rxf4 Be6 14.g5 Nd7 15.Nd5
Bxd5 16.Qxd5 Ne5 17.Rf2 Qc6 18.Rd1 Rc8 19.c3 Qxd5 20.Rxd5 Rc6 21.Kg2 Rf8 
22.h3 f6 23.gxf6 Bxf6 24.Bd1 Nc4 25.Bc1 Ke7 26.Bb3 b5 27.Rdf5 Rfc8 28.a4 
Rc5 29.axb5 axb5 30.Rf1 Rxf5 31.Rxf5 Ne5 32.Be3 Rb8 33.Ba7 Ra8 34.Bd4 Ra1 
35.Bxe5 Bxe5 36.Rf1 Rxf1 37.Kxf1 Bf4 38.Bd5 Bc1 39.Bc6 Bxb2 40.Bxb5 Bxc3 
41.Bc6 Kf6 42.Kg2 Kg5 43.Bd5 Kf4 44.Bc6 g5 45.Bd5 h5 46.Bc6 g4 47.hxg4 
hxg4 1/2-1/2

[Event "20th EUR-ch"]
[Site "Skopje MKD"]
[Date "2019.03.21"]
[Round "4"]
[White "Dimitrov, Radoslav"]
[Black "Di Benedetto, Edoardo"]
[Result "1-0"]
[WhiteElo "2533"]
[BlackElo "2394"]
[EventDate "2019.03.18"]
[Board "89"]
[PlyCount "95"]

1.d4 d5 2.Bg5 h6 3.Bh4 c6 4.e3 Bf5 5.c4 Qb6 6.Qb3 e6 7.Nc3 Nd7 8.c5 Qxb3 
9.axb3 a6 10.b4 Rc8 11.Nf3 Be7 12.Bg3 Ngf6 13.h3 Bd8 14.Nd2 Bc7 15.Bxc7 
Rxc7 16.f3 e5 17.b5 exd4 18.exd4 O-O 19.g4 Bh7 20.b6 Rcc8 21.Nb3 Rfe8+ 22.
Kd2 Nf8 23.Na5 Ne6 24.Ra4 Nd8 25.Rh2 Kf8 26.Re2 Rxe2+ 27.Bxe2 Ke8 28.Nxb7 
Nxb7 29.Bxa6 Rb8 30.Bxb7 Rxb7 31.Ra8+ Kd7 32.b4 Ng8 33.Rf8 Ne7 34.Rxf7 Ke8
35.Rxg7 Bg8 36.g5 h5 37.b5 cxb5 38.Rxg8+ Nxg8 39.Nxd5 Kd7 40.f4 Ne7 41.
Nxe7 Kxe7 42.Kc3 Ke6 43.g6 Rd7 44.f5+ Kxf5 45.c6 Rd6 46.c7 b4+ 47.Kxb4 
Rxb6+ 48.Kc5 1-0

[Event "20th EUR-ch"]
[Site "Skopje MKD"]
[Date "2019.03.21"]
[Round "4"]
[White "Erenberg, Ariel"]
[Black "Lobanov, Sergei"]
[Result "0-1"]
[WhiteElo "2394"]
[BlackElo "2526"]
[EventDate "2019.03.18"]
[Board "90"]
[PlyCount "76"]

1.d4 Nf6 2.c4 e6 3.Nf3 b6 4.g3 Ba6 5.b3 Bb4+ 6.Bd2 Be7 7.Bg2 c6 8.Bc3 d5 
9.Nbd2 Nbd7 10.O-O O-O 11.Re1 c5 12.Bb2 Rc8 13.dxc5 Nxc5 14.Ne5 b5 15.cxd5
Nxd5 16.Rc1 f6 17.Nef3 Qb6 18.Nd4 Rfd8 19.a3 Kh8 20.Rc2 e5 21.Nf5 Bf8 22.
Qb1 Qe6 23.Nh4 b4 24.Ne4 Nxb3 25.Rxc8 Rxc8 26.Bxe5 Qxe5 27.Qxb3 bxa3 28.
Qa4 Bc4 29.Nd2 Qc3 30.Qd7 Nb6 31.Qf5 Qxd2 32.Be4 Qh6 33.Qa5 a2 34.Nf5 Qg5 
35.Qxa7 Re8 36.Bb7 Qxf5 37.Qxb6 Rb8 38.Bc6 Rxb6 0-1

[Event "20th EUR-ch"]
[Site "Skopje MKD"]
[Date "2019.03.21"]
[Round "4"]
[White "Plenkovic, Zdenko"]
[Black "Ruck, Robert"]
[Result "0-1"]
[WhiteElo "2383"]
[BlackElo "2521"]
[EventDate "2019.03.18"]
[Board "91"]
[PlyCount "118"]

1.c4 e5 2.Nc3 Nf6 3.Nf3 Nc6 4.a3 d6 5.e3 g6 6.d3 Bg7 7.Be2 O-O 8.Qc2 Ne8 
9.b4 f5 10.b5 Ne7 11.Bb2 Nf6 12.d4 e4 13.Nd2 Be6 14.a4 Qd7 15.g3 Bf7 16.h4
h6 17.a5 c6 18.Qa4 a6 19.b6 Rad8 20.O-O-O Rfe8 21.Kb1 Qc8 22.Qa1 Kf8 23.
Na4 Neg8 24.Qa3 Ng4 25.Rhf1 Qd7 26.Bc3 N8f6 27.Nb3 Kg8 28.Qa1 Rc8 29.Bb4 
Rcd8 30.Qa3 Nh2 31.Rh1 Nhg4 32.Rhf1 Bf8 33.Qa1 Bg7 34.Bc3 Rc8 35.Qa3 Nh2 
36.Rh1 Nhg4 37.Rhf1 Kh7 38.Bb4 Bf8 39.Qa1 Bg7 40.Nbc5 dxc5 41.Nxc5 Qe7 42.
Nxa6 Qd8 43.Nc7 Rxc7 44.bxc7 Qxc7 45.Bc3 Nd7 46.Kc2 Ra8 47.Rb1 Ra7 48.Rb3 
Ngf6 49.Qb2 Ne8 50.Rb1 Nd6 51.Rb6 Bxc4 52.Bxc4 Nxc4 53.Qb3 Ncxb6 54.axb6 
Nxb6 55.Qxb6 Ra2+ 56.Kd1 Qf7 57.Qxb7 Qc4 58.Bb2 Qd3+ 59.Kc1 Ra4 0-1

[Event "20th EUR-ch"]
[Site "Skopje MKD"]
[Date "2019.03.21"]
[Round "4"]
[White "Jackson, James P"]
[Black "Demidov, Mikhail"]
[Result "1/2-1/2"]
[WhiteElo "2377"]
[BlackElo "2520"]
[EventDate "2019.03.18"]
[Board "92"]
[PlyCount "148"]

1.e4 g6 2.d4 Bg7 3.Nf3 d6 4.Bc4 e6 5.Bb3 a6 6.O-O Nd7 7.Re1 Ne7 8.c3 h6 9.
Nbd2 b5 10.Nf1 Bb7 11.Ng3 c5 12.h3 Qc7 13.Bc2 Rc8 14.Bd3 Nb6 15.Be3 cxd4 
16.cxd4 Nc4 17.Bc1 Nc6 18.Bf1 Qb6 19.b3 N4a5 20.Be3 Ne7 21.d5 Qd8 22.Rc1 
Rxc1 23.Qxc1 exd5 24.exd5 Bxd5 25.Bd4 O-O 26.Bxg7 Kxg7 27.Qc3+ Kg8 28.Rxe7
Qxe7 29.Qxa5 Bxf3 30.gxf3 d5 31.Qd2 h5 32.Qxd5 Rd8 33.Qe4 Qf6 34.Qe3 Rd1 
35.Kg2 h4 36.Be2 Re1 37.Qd2 Rb1 38.Ne4 Qa1 39.f4 Kg7 40.Kf3 Qb2 41.Qe3 Rh1
42.Ng5 Qf6 43.Kg2 Ra1 44.Ne4 Qb2 45.f5 gxf5 46.Qg5+ Kf8 47.Qd8+ Kg7 48.
Qg5+ Kf8 49.Nf6 Qc1 50.Nh7+ Ke8 51.Qg8+ Ke7 52.Qf8+ Ke6 53.Qe8+ Kd6 54.
Qd8+ Kc5 55.Qc7+ Kb4 56.Qe7+ Qc5 57.Qxh4+ Ka3 58.Qf6 Qc1 59.Qxa6+ Kb2 60.
Qf6+ Kxa2 61.Qa6+ Kb2 62.Qf6+ Kxb3 63.Qxf7+ Kb4 64.Qe7+ Qc5 65.Qxc5+ Kxc5 
66.Bd3 b4 67.Bxf5 b3 68.Ng5 Kd4 69.h4 b2 70.Nf3+ Kc3 71.Ne5 Kd4 72.Nf3+ 
Kc3 73.Ne5 Kd4 74.Nf3+ Kc3 1/2-1/2

[Event "20th EUR-ch"]
[Site "Skopje MKD"]
[Date "2019.03.21"]
[Round "4"]
[White "Nasuta, Grzegorz"]
[Black "Saraci, Nderim"]
[Result "1-0"]
[WhiteElo "2517"]
[BlackElo "2391"]
[EventDate "2019.03.18"]
[Board "93"]
[PlyCount "75"]

1.e4 c5 2.Nf3 d6 3.d4 cxd4 4.Nxd4 Nf6 5.Nc3 g6 6.Be3 Bg7 7.Be2 Nc6 8.Qd2 
O-O 9.O-O-O Ng4 10.Bxg4 Bxg4 11.f3 Be6 12.Nxe6 fxe6 13.Bh6 Qa5 14.Bxg7 
Kxg7 15.h4 Kh8 16.Kb1 Rac8 17.f4 Rf7 18.g3 Qc5 19.e5 d5 20.Ne2 Na5 21.Nd4 
Qb6 22.c3 Nc4 23.Qe2 a5 24.a4 Qc5 25.Nxe6 Qc6 26.Nd4 Qe8 27.b3 Nb6 28.e6 
Rf6 29.Rd3 Na8 30.Qe5 h5 31.Qxd5 Nc7 32.Qe5 Kh7 33.g4 Na6 34.gxh5 Nc5 35.
Rg3 Nxb3 36.hxg6+ Kg7 37.Nxb3 Qxa4 38.Kb2 1-0

[Event "20th EUR-ch"]
[Site "Skopje MKD"]
[Date "2019.03.21"]
[Round "4"]
[White "Gines Esteo, Pedro Antonio"]
[Black "Potapov, Pavel"]
[Result "1/2-1/2"]
[WhiteElo "2372"]
[BlackElo "2517"]
[EventDate "2019.03.18"]
[Board "94"]
[PlyCount "117"]

1.d4 Nf6 2.Nf3 e6 3.e3 b6 4.Bd3 Bb7 5.O-O c5 6.c4 Be7 7.Nc3 cxd4 8.exd4 d5
9.cxd5 Nxd5 10.Ne5 O-O 11.Qh5 g6 12.Qe2 Nc6 13.Bh6 Re8 14.Rad1 Nxe5 15.
Qxe5 Bf6 16.Qg3 Nxc3 17.bxc3 Rc8 18.Bb5 Re7 19.Bf4 a6 20.Be2 b5 21.a4 bxa4
22.c4 Qa5 23.Bd6 Ree8 24.Qf4 Bg7 25.Rb1 Bc6 26.Bg4 h5 27.Be2 e5 28.Qg5 Qd8
29.Qxd8 Rcxd8 30.d5 Rxd6 31.dxc6 Rxc6 32.Ra1 e4 33.Rxa4 Rb8 34.c5 Rxc5 35.
Bxa6 f5 36.Rc4 Rxc4 37.Bxc4+ Kf8 38.h4 Rb4 39.Ba6 Bd4 40.Re1 Rb2 41.Re2 
Rb1+ 42.Kh2 Kg7 43.g3 Kf6 44.Kg2 Ke5 45.Bc4 Rc1 46.Bf7 Kf6 47.Be8 Rc8 48.
Bd7 Rc3 49.Ra2 e3 50.fxe3 Rxe3 51.Bc6 g5 52.hxg5+ Kxg5 53.Bf3 Rc3 54.Rd2 
Be3 55.Ra2 h4 56.gxh4+ Kxh4 57.Be2 Bc5 58.Ra4+ Kg5 59.Rc4 1/2-1/2

[Event "20th EUR-ch"]
[Site "Skopje MKD"]
[Date "2019.03.21"]
[Round "4"]
[White "Drazic, Sinisa"]
[Black "Zanan, Evgeny"]
[Result "1/2-1/2"]
[WhiteElo "2370"]
[BlackElo "2514"]
[EventDate "2019.03.18"]
[Board "95"]
[PlyCount "177"]

1.e4 c5 2.Nf3 d6 3.c3 Nf6 4.Be2 Nc6 5.d4 cxd4 6.cxd4 d5 7.e5 Ne4 8.Nc3 
Nxc3 9.bxc3 e6 10.O-O Be7 11.g3 Bd7 12.Rb1 Na5 13.h4 h6 14.h5 Qc7 15.Bd2 
Nc4 16.Bf4 O-O-O 17.Nd2 Nb6 18.Qb3 Ba4 19.Qb2 Kb8 20.Rfc1 Bc6 21.c4 dxc4 
22.Nxc4 Nxc4 23.Bxc4 Ka8 24.Bb5 Rd5 25.Bxc6 bxc6 26.Qc3 Rc8 27.Qf3 Qd7 28.
Rc4 Bd8 29.Qa3 Ra5 30.Qc3 Bb6 31.a4 Rd5 32.Be3 f6 33.exf6 gxf6 34.Rc1 Kb7 
35.Qb3 Ka8 36.Qc2 Kb7 37.Qg6 e5 38.a5 Rxa5 39.Qxf6 exd4 40.Bxd4 Rxh5 41.
Bxb6 axb6 42.Ra4 Ra8 43.Re4 Re8 44.Rxe8 Qxe8 45.Qg7+ Ka6 46.Qg4 Rd5 47.
Ra1+ Ra5 48.Rb1 h5 49.Qd4 Rb5 50.Ra1+ Ra5 51.Rb1 b5 52.Qd2 Ra4 53.Re1 Re4 
54.Ra1+ Ra4 55.Rxa4+ bxa4 56.Qb4 Qe5 57.Qxa4+ Kb6 58.Qb4+ Qb5 59.Qe7 Qd5 
60.Kh2 c5 61.Qe3 Kb5 62.Qe8+ Ka5 63.Qe1+ Ka4 64.Qa1+ Kb4 65.Qe1+ Kb5 66.
Qe8+ Ka5 67.Qe1+ Ka6 68.Qa1+ Kb7 69.Qb1+ Kc7 70.Qb5 Qd4 71.Qa5+ Kc6 72.
Qa6+ Kd5 73.Qb7+ Kc4 74.f4 Qd2+ 75.Kh3 Qd5 76.Qa6+ Kb4 77.Qb6+ Kc3 78.Qa5+
Kb3 79.Qb6+ Kc3 80.Qa5+ Kd3 81.Kh4 Qh1+ 82.Kg5 c4 83.Qd8+ Ke3 84.Qe7+ Kd3 
85.Qd6+ Ke3 86.Qc5+ Kd3 87.Qd6+ Ke3 88.Qc5+ Kd3 89.Qd6+ 1/2-1/2

[Event "20th EUR-ch"]
[Site "Skopje MKD"]
[Date "2019.03.21"]
[Round "4"]
[White "Zoler, Dan"]
[Black "Zlatanovic, Boroljub"]
[Result "1/2-1/2"]
[WhiteElo "2513"]
[BlackElo "2376"]
[EventDate "2019.03.18"]
[Board "96"]
[PlyCount "108"]

1.d4 g6 2.c4 Bg7 3.Nc3 d6 4.e4 e5 5.Nf3 Bg4 6.d5 Nd7 7.h3 Bxf3 8.Qxf3 h5 
9.h4 a5 10.g3 Bh6 11.Bh3 Nc5 12.O-O Bxc1 13.Raxc1 Nf6 14.Qe3 O-O 15.Rc2 
Nh7 16.b3 Qe7 17.Rb1 f5 18.exf5 gxf5 19.Qh6 Qe8 20.Nb5 Rf6 21.Qe3 Qf7 22.
f4 Re8 23.Re2 Kh8 24.Rf1 Ne4 25.Kh2 Rg6 26.Rf3 Reg8 27.Bxf5 Qxf5 28.Qxe4 
Qxe4 29.Rxe4 Nf6 30.Re2 c6 31.dxc6 bxc6 32.Nc3 exf4 33.Rxf4 Rxg3 34.Rxf6 
Rxc3 35.Rh6+ Kg7 36.Rxd6 a4 37.Rxc6 Kf7 38.Rc7+ Kf6 39.Rf2+ Ke6 40.Rc6+ 
Kd7 41.Rh6 axb3 42.axb3 Rxb3 43.Rxh5 Rgg3 44.Rf4 Rh3+ 45.Kg1 Rhg3+ 46.Kf2 
Rh3 47.Rg5 Rb2+ 48.Kg1 Rbh2 49.Rd5+ Kc6 50.Rf6+ Kc7 51.Rg5 Rh1+ 52.Kg2 
R1h2+ 53.Kg1 Rh1+ 54.Kg2 R1h2+ 1/2-1/2

[Event "20th EUR-ch"]
[Site "Skopje MKD"]
[Date "2019.03.21"]
[Round "4"]
[White "Garayev, Kanan"]
[Black "Dragnev, Valentin"]
[Result "1-0"]
[WhiteElo "2368"]
[BlackElo "2511"]
[EventDate "2019.03.18"]
[Board "97"]
[PlyCount "79"]

1.d4 Nf6 2.c4 e6 3.Nc3 Bb4 4.Nf3 c5 5.g3 Bxc3+ 6.bxc3 Qa5 7.Qd3 b6 8.Bg2 
Bb7 9.O-O Be4 10.Qe3 Nc6 11.Ne5 Bxg2 12.Kxg2 O-O 13.Qf3 Rac8 14.Nxc6 dxc6 
15.Rd1 Rfe8 16.e4 Qa4 17.e5 Nd7 18.Qe2 Qa5 19.dxc5 Nxc5 20.Qf3 Nb3 21.axb3
Qxa1 22.Bh6 Qxd1 23.Qxd1 gxh6 24.Qg4+ Kh8 25.Qf4 Kg7 26.Qf6+ Kg8 27.Qxh6 
Rcd8 28.h4 Rd3 29.h5 Rxc3 30.Qg5+ Kf8 31.h6 Rd3 32.Qg7+ Ke7 33.Qxh7 Rdd8 
34.Qg7 Rf8 35.Qf6+ Kd7 36.h7 Rde8 37.Qf3 Kc7 38.b4 c5 39.bxc5 bxc5 40.Qa3 
1-0

[Event "20th EUR-ch"]
[Site "Skopje MKD"]
[Date "2019.03.21"]
[Round "4"]
[White "Sanal, Vahap"]
[Black "Stoyanov, Tsvetan"]
[Result "1-0"]
[WhiteElo "2511"]
[BlackElo "2370"]
[EventDate "2019.03.18"]
[Board "98"]
[PlyCount "119"]

1.e4 g6 2.d4 Bg7 3.Nf3 d6 4.Bd3 Nf6 5.c3 O-O 6.O-O Nc6 7.Be3 e5 8.Nbd2 Re8
9.Re1 Bd7 10.h3 h6 11.a4 exd4 12.cxd4 a5 13.Rc1 Nb4 14.Bb1 b5 15.b3 bxa4 
16.bxa4 Re7 17.d5 c6 18.Bf4 Ne8 19.dxc6 Bxc6 20.Nc4 Bxe4 21.Bxe4 d5 22.
Bxd5 Rxe1+ 23.Qxe1 Nxd5 24.Bd2 Qd7 25.Qd1 Qd8 26.Nfe5 Nb4 27.Qf3 Nf6 28.
Bxb4 axb4 29.Nc6 Qe8 30.Nb6 Ra6 31.a5 Qe4 32.Qd1 Nh5 33.Rc4 Qe6 34.g3 Kh7 
35.Qf3 Qe1+ 36.Kg2 f5 37.Rc5 b3 38.Qxb3 f4 39.Qf3 fxg3 40.fxg3 Nf6 41.Re5 
Qc1 42.Re6 Rxb6 43.axb6 Qb2+ 44.Re2 Qxb6 45.Ne5 Nh5 46.Qe4 Qf6 47.Re3 Qd6 
48.g4 Qd2+ 49.Kg1 Qc1+ 50.Re1 Qg5 51.h4 Qxe5 52.Qxe5 Bxe5 53.Rxe5 Nf6 54.
g5 hxg5 55.hxg5 Ng8 56.Kf2 Kg7 57.Kf3 Kf7 58.Ke4 Ne7 59.Rxe7+ Kxe7 60.Ke5 
1-0

[Event "20th EUR-ch"]
[Site "Skopje MKD"]
[Date "2019.03.21"]
[Round "4"]
[White "Manea, Alexandru"]
[Black "Mirzoev, Emil"]
[Result "1-0"]
[WhiteElo "2357"]
[BlackElo "2511"]
[EventDate "2019.03.18"]
[Board "99"]
[PlyCount "81"]

1.d4 Nf6 2.Nf3 d6 3.g3 c6 4.Bg2 h6 5.O-O Bf5 6.c4 e6 7.d5 cxd5 8.cxd5 e5 
9.Nc3 Be7 10.e4 Bd7 11.Be3 Ng4 12.Bd2 a5 13.h3 Nf6 14.Be3 b5 15.Nd2 b4 16.
Na4 Bb5 17.Re1 Nfd7 18.Bf1 Bxf1 19.Rxf1 O-O 20.Kg2 Bg5 21.Bxg5 hxg5 22.Rh1
Na6 23.h4 Nac5 24.Nxc5 Nxc5 25.Qh5 g6 26.Qxg5 Qxg5 27.hxg5 Rfc8 28.Nc4 Ra6
29.Rh4 Rc7 30.Ne3 Kf8 31.Rc1 Ke7 32.Rh8 Kd7 33.Rf8 Ke7 34.Rh8 Kd7 35.Rf8 
Ke7 36.Rg8 Kd7 37.Kf3 Rc8 38.Rxc8 Kxc8 39.Nc4 Nd3 40.Rd1 Nc5 41.Nxd6+ 1-0

[Event "20th EUR-ch"]
[Site "Skopje MKD"]
[Date "2019.03.21"]
[Round "4"]
[White "Borsuk, Konstantin"]
[Black "Demuth, Adrien"]
[Result "1-0"]
[WhiteElo "2346"]
[BlackElo "2510"]
[EventDate "2019.03.18"]
[Board "100"]
[PlyCount "154"]

1.d4 Nf6 2.c4 e6 3.Nc3 Bb4 4.Qc2 O-O 5.a3 Bxc3+ 6.Qxc3 d6 7.Nf3 Qe8 8.g3 
a5 9.b3 a4 10.b4 b5 11.c5 Bb7 12.Bg2 Be4 13.O-O Nc6 14.Qe3 Ne7 15.Bb2 Rd8 
16.Ne1 Ned5 17.Qc1 Bxg2 18.Nxg2 e5 19.e4 Nxe4 20.Re1 Nef6 21.dxe5 dxe5 22.
Bxe5 Qd7 23.Nh4 c6 24.Qc2 Qh3 25.f3 g6 26.Ng2 Rfe8 27.Rad1 Qc8 28.g4 Nd7 
29.Bd4 Rxe1+ 30.Rxe1 Re8 31.Qd2 Qd8 32.h4 f6 33.f4 Rxe1+ 34.Qxe1 Qe7 35.
Qxe7 Nxe7 36.Ne3 Kf7 37.Kf2 Ke6 38.Kf3 h5 39.f5+ Kf7 40.gxh5 gxh5 41.Ke4 
Kg7 42.Nf1 Nd5 43.Ng3 Kh6 44.Bb2 Nb8 45.Bc1+ Kg7 46.Nxh5+ Kf7 47.Ng3 Na6 
48.Ne2 Naxb4 49.axb4 Nxb4 50.Nd4 Na6 51.Ne6 Kg8 52.Bb2 b4 53.Bxf6 b3 54.
Bb2 Nb4 55.Nd4 Na6 56.Ba3 Nxc5+ 57.Ke3 Nb7 58.Kd3 c5 59.Nb5 Kg7 60.Bc1 Nd8
61.Nc3 Nf7 62.Ne4 Ne5+ 63.Kc3 c4 64.Ba3 Nd3 65.h5 Kh6 66.f6 Ne5 67.Kd4 Nf7
68.Kxc4 Kxh5 69.Kd5 Kg6 70.Bb2 Nd8 71.Kd6 Nf7+ 72.Ke7 Nh6 73.Ke6 Nf7 74.
Nc5 Nd8+ 75.Kd7 a3 76.Bxa3 Kxf6 77.Kxd8 Ke5 1-0

[Event "20th EUR-ch"]
[Site "Skopje MKD"]
[Date "2019.03.21"]
[Round "4"]
[White "Jurcik, Marian"]
[Black "Kalogeris, Ioannis"]
[Result "1-0"]
[WhiteElo "2474"]
[BlackElo "2368"]
[EventDate "2019.03.18"]
[Board "101"]
[PlyCount "55"]

1.e4 c5 2.Nf3 e6 3.b3 b6 4.Bb2 Bb7 5.Qe2 Nc6 6.g3 f6 7.Bg2 Nh6 8.O-O Be7 
9.d4 cxd4 10.Nxd4 O-O 11.Rd1 Nxd4 12.Bxd4 f5 13.Nd2 Rc8 14.c4 f4 15.Nf3 g5
16.Ne5 Qe8 17.Nxd7 Qxd7 18.Bg7 Qe8 19.Bxh6 f3 20.Bxf3 Rxf3 21.Qxf3 Qg6 22.
Rd7 Bf6 23.Rxb7 Bxa1 24.Bxg5 Rf8 25.Qe3 e5 26.Bh6 Bd4 27.Bxf8 Bxe3 28.Rg7+
1-0

[Event "20th EUR-ch"]
[Site "Skopje MKD"]
[Date "2019.03.21"]
[Round "4"]
[White "Injac, Teodora"]
[Black "Lodici, Lorenzo"]
[Result "0-1"]
[WhiteElo "2329"]
[BlackElo "2474"]
[EventDate "2019.03.18"]
[Board "102"]
[PlyCount "66"]

1.d4 Nf6 2.Nf3 c5 3.d5 e6 4.c4 exd5 5.cxd5 d6 6.Nc3 g6 7.e4 a6 8.a4 Bg4 9.
h3 Bxf3 10.Qxf3 Bg7 11.Be2 O-O 12.O-O Nbd7 13.Qd3 Rc8 14.Bg5 Re8 15.f4 c4 
16.Qc2 b5 17.axb5 axb5 18.Kh2 b4 19.Nb5 b3 20.Qb1 Qb6 21.Nc3 Nc5 22.e5 
dxe5 23.f5 e4 24.Be3 Nxd5 25.Nxd5 Qd6+ 26.Nf4 Nd3 27.Kh1 Nxb2 28.Ra7 c3 
29.fxg6 hxg6 30.Nh5 c2 31.Qc1 gxh5 32.Rfxf7 Be5 33.Bd4 Qg6 0-1

[Event "20th EUR-ch"]
[Site "Skopje MKD"]
[Date "2019.03.21"]
[Round "4"]
[White "Gumularz, Szymon"]
[Black "Mihajlov, Sebastian"]
[Result "1/2-1/2"]
[WhiteElo "2473"]
[BlackElo "2356"]
[EventDate "2019.03.18"]
[Board "103"]
[PlyCount "48"]

1.e4 e5 2.Nf3 Nc6 3.Bc4 Bc5 4.d3 Nf6 5.O-O d6 6.c3 h6 7.Bb3 O-O 8.Re1 a5 
9.Nbd2 Be6 10.Nf1 Bxb3 11.Qxb3 Qd7 12.Be3 Bxe3 13.Nxe3 a4 14.Qc2 Rfe8 15.
Rad1 b5 16.Nd5 Nxd5 17.exd5 Ne7 18.d4 Nxd5 19.dxe5 Nb6 20.exd6 Rxe1+ 21.
Nxe1 c6 22.Nf3 Re8 23.h3 Re6 24.Nd4 Rxd6 1/2-1/2

[Event "20th EUR-ch"]
[Site "Skopje MKD"]
[Date "2019.03.21"]
[Round "4"]
[White "Csiki, Endre"]
[Black "Bakalchuk, Johnatan"]
[Result "1-0"]
[WhiteElo "2251"]
[BlackElo "2471"]
[EventDate "2019.03.18"]
[Board "104"]
[PlyCount "99"]

1.e4 c5 2.Nf3 g6 3.d4 cxd4 4.Nxd4 Nc6 5.Nc3 Bg7 6.Be3 Nf6 7.Bc4 O-O 8.Bb3 
Qa5 9.O-O d6 10.h3 Bd7 11.Re1 Rac8 12.f4 Nh5 13.Nde2 Rfd8 14.Qd5 Qxd5 15.
exd5 Na5 16.Bxa7 Nc4 17.Bxc4 Rxc4 18.Be3 b5 19.a3 b4 20.axb4 Rxb4 21.Bc1 
Nf6 22.Ng3 Kf8 23.Kh2 h5 24.Ra7 h4 25.Nge2 Nh5 26.Nd1 Rb5 27.c4 Rb3 28.Bd2
Ke8 29.Bc3 Bxc3 30.bxc3 Rb1 31.Nd4 Kf8 32.Nf3 Nxf4 33.Re4 Nxd5 34.cxd5 
Rxd1 35.Rxh4 Kg8 36.Nd4 Rc1 37.Re4 Rxc3 38.Rxe7 Be8 39.Ne6 Rdc8 40.Ng5 Rd3
41.Ne4 Rd8 42.Nf6+ Kf8 43.Nxe8 Rxe8 44.Rxf7+ Kg8 45.Rg7+ Kh8 46.Rh7+ Kg8 
47.Rag7+ Kf8 48.Rd7 Kg8 49.Rdg7+ Kf8 50.Rxg6 1-0

[Event "20th EUR-ch"]
[Site "Skopje MKD"]
[Date "2019.03.21"]
[Round "4"]
[White "Protopopova, Anastasiya"]
[Black "Schreiner, Peter"]
[Result "1/2-1/2"]
[WhiteElo "2263"]
[BlackElo "2471"]
[EventDate "2019.03.18"]
[Board "105"]
[PlyCount "34"]

1.d4 Nf6 2.c4 g6 3.Nc3 d5 4.Nf3 Bg7 5.h4 c6 6.Bg5 dxc4 7.e4 Be6 8.a4 h6 9.
Bf4 Qa5 10.Nd2 Na6 11.Be2 Rd8 12.Be3 h5 13.O-O Ng4 14.Bxc4 Bxc4 15.Nxc4 
Qb4 16.Qe2 Bxd4 17.Nd5 cxd5 1/2-1/2

[Event "20th EUR-ch"]
[Site "Skopje MKD"]
[Date "2019.03.21"]
[Round "4"]
[White "Tutisani, Noe"]
[Black "Oboladze, Luka"]
[Result "1/2-1/2"]
[WhiteElo "2467"]
[BlackElo "2340"]
[EventDate "2019.03.18"]
[Board "106"]
[PlyCount "61"]

1.d4 d5 2.c4 c6 3.cxd5 cxd5 4.Bf4 Nc6 5.e3 Nf6 6.Nc3 Bf5 7.Nf3 e6 8.Bd3 
Bxd3 9.Qxd3 Bd6 10.Bxd6 Qxd6 11.O-O O-O 12.Rac1 Rac8 13.h3 h6 14.Ne2 Ne7 
15.a3 Rxc1 16.Rxc1 Rc8 17.Rxc8+ Nxc8 18.Qc2 Ne7 19.Ne5 Nd7 20.Nxd7 Qxd7 
21.Kf1 Qc6 22.Qc3 b6 23.Ke1 Kf8 24.Kd2 Ke8 25.b3 Kd7 26.Nf4 Qxc3+ 27.Kxc3 
Nf5 28.Nd3 f6 29.Kd2 Kd6 30.Nf4 g5 31.Nd3 1/2-1/2

[Event "20th EUR-ch"]
[Site "Skopje MKD"]
[Date "2019.03.21"]
[Round "4"]
[White "Petriashvili, Nikoloz"]
[Black "Mitsis, Georgios"]
[Result "1/2-1/2"]
[WhiteElo "2465"]
[BlackElo "2338"]
[EventDate "2019.03.18"]
[Board "107"]
[PlyCount "98"]

1.c4 c5 2.Nf3 Nc6 3.d4 cxd4 4.Nxd4 Nf6 5.Nc3 e6 6.a3 d5 7.cxd5 Nxd5 8.Nxc6
bxc6 9.Bd2 Be7 10.e4 Nb6 11.Be2 O-O 12.O-O e5 13.Qc2 Be6 14.Rfd1 Qb8 15.
Be3 Nc4 16.Bxc4 Bxc4 17.b4 Qc8 18.Na4 Qe6 19.Rdc1 Bb3 20.Nc5 Bxc5 21.Qxc5 
Ba4 22.Qa5 Bb5 23.a4 Bd3 24.f3 f5 25.exf5 Rxf5 26.Qc7 Bc4 27.b5 Bd5 28.
bxc6 Rf7 29.Qa5 Bxc6 30.Qa6 Rf6 31.Rc3 Qd7 32.Qc4+ Kh8 33.Rd3 Qe8 34.Re1 
Bxa4 35.Ra3 Bb5 36.Qc5 h6 37.Bd4 Rc8 38.Rxe5 Rxc5 39.Rxe8+ Bxe8 40.Bxc5 a6
41.Re3 Bb5 42.Re7 Kg8 43.Ra7 Rf7 44.Ra8+ Kh7 45.Bd4 Rd7 46.Be5 Rd5 47.Bc3 
Rd3 48.Be5 Rd5 49.Bc3 Rd3 1/2-1/2

[Event "20th EUR-ch"]
[Site "Skopje MKD"]
[Date "2019.03.21"]
[Round "4"]
[White "Ingebretsen, Jens E"]
[Black "Arnaudov, Petar Georgiev"]
[Result "0-1"]
[WhiteElo "2243"]
[BlackElo "2462"]
[EventDate "2019.03.18"]
[Board "108"]
[PlyCount "68"]

1.c4 e6 2.Nf3 d5 3.g3 Nf6 4.Bg2 dxc4 5.Qa4+ Bd7 6.Qxc4 c5 7.O-O Bc6 8.Nc3 
a6 9.d3 Be7 10.Bg5 b5 11.Qb3 Nbd7 12.a4 O-O 13.Nd2 Bxg2 14.Kxg2 b4 15.Nd1 
Ng4 16.Bf4 Bg5 17.Bxg5 Qxg5 18.Ne4 Qe7 19.h3 Nge5 20.Ne3 f5 21.Nd2 f4 22.
Nec4 Kh8 23.Rac1 Rac8 24.a5 Qf6 25.Nd6 Rb8 26.N6e4 Qe7 27.gxf4 Rxf4 28.e3 
Rff8 29.f4 Ng6 30.Ng3 Nf6 31.Nde4 Nd5 32.Rfe1 Qb7 33.f5 Nxe3+ 34.Rxe3 exf5
0-1

[Event "20th EUR-ch"]
[Site "Skopje MKD"]
[Date "2019.03.21"]
[Round "4"]
[White "Yankelevich, Lev"]
[Black "Klabis, Rokas"]
[Result "1-0"]
[WhiteElo "2462"]
[BlackElo "2333"]
[EventDate "2019.03.18"]
[Board "109"]
[PlyCount "99"]

1.e4 e5 2.Nf3 Nf6 3.Nxe5 d6 4.Nc4 Nxe4 5.Qe2 Qe7 6.Ne3 Nf6 7.b3 Ng4 8.Bb2 
Nxe3 9.fxe3 Be6 10.e4 Nd7 11.g3 h5 12.Nc3 c6 13.h3 Qg5 14.O-O-O Be7 15.Kb1
O-O 16.Bg2 Rfe8 17.d4 d5 18.Bf3 dxe4 19.Nxe4 Qh6 20.Bxh5 Nf6 21.Bf3 Bd5 
22.Nxf6+ Bxf6 23.Qg2 Bxf3 24.Qxf3 Rad8 25.h4 Re3 26.Qf2 Re4 27.Rhe1 Qg6 
28.Rxe4 Qxe4 29.Re1 Qg4 30.Rf1 Rd7 31.d5 Bxb2 32.dxc6 bxc6 33.Kxb2 Re7 34.
Qf4 Qd7 35.Rf2 Qe6 36.Rd2 c5 37.Rd8+ Re8 38.Rxe8+ Qxe8 39.h5 Qe7 40.g4 g6 
41.a4 gxh5 42.gxh5 Kg7 43.a5 Kh7 44.a6 Kg7 45.Qf3 c4 46.Qc3+ f6 47.Qxc4 
Kh6 48.Qd5 Qe3 49.Qf5 Qd4+ 50.Ka2 1-0

[Event "20th EUR-ch"]
[Site "Skopje MKD"]
[Date "2019.03.21"]
[Round "4"]
[White "Kevlishvili, Robby"]
[Black "Karaoglan, Doruk"]
[Result "1-0"]
[WhiteElo "2461"]
[BlackElo "2197"]
[EventDate "2019.03.18"]
[Board "110"]
[PlyCount "51"]

1.e4 c5 2.Nf3 d6 3.d4 cxd4 4.Nxd4 Nf6 5.Nc3 g6 6.Be3 Bg7 7.f3 O-O 8.Qd2 
Nc6 9.O-O-O d5 10.Nxc6 bxc6 11.Bh6 Bxh6 12.Qxh6 Qa5 13.e5 Nh5 14.g4 Ng7 
15.h4 Rb8 16.h5 Rxb2 17.hxg6 fxg6 18.Qxh7+ Kf7 19.Bd3 Bf5 20.gxf5 Qxc3 21.
Qxg6+ Kg8 22.f6 Rxc2+ 23.Bxc2 Qe3+ 24.Rd2 Qa3+ 25.Kb1 Qb4+ 26.Bb3 1-0